Pana nirvagam : (Record no. 136670)

MARC details
000 -LEADER
fixed length control field 00693nam a2200229 i 4500
001 - CONTROL NUMBER
control field C2-0339401
003 - CONTROL NUMBER IDENTIFIER
control field PPAK
005 - DATE AND TIME OF LATEST TRANSACTION
control field 20180728141603.0
008 - FIXED-LENGTH DATA ELEMENTS--GENERAL INFORMATION
fixed length control field 161215s2016 ii a|||| ||||| | tam d
040 ## - CATALOGING SOURCE
Original cataloging agency PPAK
Language of cataloging eng
Transcribing agency PPAK
Description conventions rda
082 04 - DEWEY DECIMAL CLASSIFICATION NUMBER
Classification number 158.1
Edition number 23
090 00 - LOCALLY ASSIGNED LC-TYPE CALL NUMBER (OCLC); LOCAL CALL NUMBER (RLIN)
Classification number (OCLC) (R) ; Classification number, CALL (RLIN) (NR) 158.1
Feature heading LEN
Feature heading G
100 1# - MAIN ENTRY--PERSONAL NAME
Personal name Lenin, M.,
Relator term author
245 10 - TITLE STATEMENT
Title Pana nirvagam :
Remainder of title meenkal selvantharavathu sulapam
264 #1 - PRODUCTION, PUBLICATION, DISTRIBUTION, MANUFACTURE, AND COPYRIGHT NOTICE
Place of production, publication, distribution, manufacture Chennai, India :
Name of producer, publisher, distributor, manufacturer Sixthsense Publications ,
Date of production, publication, distribution, manufacture, or copyright notice 2016
300 ## - PHYSICAL DESCRIPTION
Extent 132 pages :
Other physical details illustrations ;
Dimensions 22 cm
336 ## - CONTENT TYPE
Source rdacontent
Content type term text
337 ## - MEDIA TYPE
Source rdamedia
Media type term unmediated
338 ## - CARRIER TYPE
Source rdacarrier
Carrier type term volume
650 10 - SUBJECT ADDED ENTRY--TOPICAL TERM
Topical term or geographic name entry element Success - Psychological aspects. ; Self-realization.
942 ## - ADDED ENTRY ELEMENTS (KOHA)
-- dc
Koha item type Book
Holdings
Withdrawn Not for loan Current library Shelving location Date acquired Total Checkouts Total Renewals Full call number Barcode Date last seen Date last checked out Koha item type
    Perpustakaan Alor Setar Pinjaman Dewasa 22/12/2016 7 4 158.1 LEN A01497061 03/01/2026 23/11/2025 Book
    Perpustakaan Kulim Pinjaman Dewasa 22/12/2016 8 1 158.1 LEN A01497062 15/06/2024 25/05/2024 Book